Integration algorithms and classical mechanics /

Guardado en:
Otros Autores: Marsden, Jerrold E. (Editor ), Patrick, George W. 1958- (Editor ), Shadwick, W. F., 1951- (Editor )
Formato: Libro
Idioma:English
Publicado: Providence, R.I. : American Mathematical Society, c1996.
Series:Fields Institute communications, v. 10
Etiquetas: Agregar Etiqueta
Sin Etiquetas, Sea el primero en etiquetar este registro!
LEADER 02308nam a22002415a 4500
001 MAT.inmabb000045
008 960513s1996####riua#####b####100#0#eng##
005 20160128120007.0
245 0 0 |a Integration algorithms and classical mechanics /  |c Jerrold E. Marsden, George W. Patrick, William F. Shadwick, editors. 
260 |a Providence, R.I. :  |b American Mathematical Society,  |c c1996. 
300 |a xii, 244 p. ;  |c 27 cm. 
440 0 |a Fields Institute communications,  |x 1069-5265 ;  |v v. 10 
500 |a Proceedings of the conference held at the Fields Institute in October, 1993. 
504 |a Includes bibliographical references. 
505 0 |a The work of Juan Carlos Simo on integration algorithms in mechanics -- F. Armero and J. C. Simo, Formulation of a new class of fractional-step methods for the incompressible MHD equations that retains the long-term dissipativity of the continuum dynamical system -- E. Barth and B. Leimkuhler, Symplectic methods for conservative multibody systems -- Paul J. Channell and Filippo R. Neri, An introduction to symplectic integrators -- Alex J. Dragt and Dan T. Abell, Symplectic maps and computation of orbits in particle accelerators -- David J. D. Earn and A. J. Lichtenberg, Arnold diffusion in symplectic lattice maps -- Mikko Kaasalainen and James Binney, Integrable Hamiltonians from close approximations to invariant tori -- P.-V. Koseleff, Exhaustive search of symplectic integrators using computer algebra -- D. Lewis and J. C. Simo, Conserving algorithms for the $N$-dimensional rigid body -- Robert I. McLachlan, More on symplectic correctors -- Robert I. McLachlan and Clint Scovel, A survey of open problems in symplectic integration -- Sebastian Reich, Symplectic integrators for systems of rigid bodies -- J. M. Sanz-Serna, Backward error analysis of symplectic integrators -- T. J. Stuchi and R. Vieira-Martins, Numerical determination of caustics and their bifurcations -- J. Wisdom, M. Holman and J. Touma, Symplectic correctors. 
510 4 |a MR,  |c 97c:65008 
020 |a 0821802593 
700 1 |a Marsden, Jerrold E.  |4 edt 
700 1 |a Patrick, George W.  |q (George William),  |d 1958-  |4 edt 
700 1 |a Shadwick, W. F.,  |d 1951-  |4 edt 
084 |a 65-06 (37-06 58-06 70-06)  |2 msc2000  |9 2000 
010 |a  96021236  
859 |h 70  |i In61  |p A-7744  |b BIB. MATEMATICA